000 01012 a2200217 4500
003 Nust
005 20230306104431.0
010 _a 90930584
020 _a9694241227 :
040 _cNust
082 _a332.6735491,SIA
100 1 _aSial, Muhammad Aslam.
_966942
245 1 0 _aImport subsititution policy and investment in Pakistan /
_cMuhammad Aslam Sial.
260 _aLahore :
_bIslamic Book Foundation,
_c1989.
300 _a284 p. ;
_c22 cm.
440 0 _aIBF publication ;
_vno. 122
_9109785
505 _aISI And Trade Policy (Page-13), Development Planning And Industrialization In Pakistan (Page-27), Development Strategy And Policy For Industrialization (Page-52), Benefit Cost Method (Page-81), Theory Of Domestic Resource Cost (Page-106), Analyses Of Selected Projects (Page-124), Investment Decision (Page-151), Related Issues (Page-169), Integrative Conclusion (Page-201).
650 0 _aImport substitution
_zPakistan.
_9109786
650 0 _aInvestments
_zPakistan.
_9109787
942 _2ddc
_cBK
999 _c184311
_d184311